Dynamical systems V : bifurcation Theory and Catastrophe Theory

Αποθηκεύτηκε σε:
Λεπτομέρειες βιβλιογραφικής εγγραφής
Άλλοι συγγραφείς: Arnol'd, V. I. (Vladimir Igorevich), 1937-2010 (Επιμελητής έκδοσης)
Μορφή: Βιβλίο
Γλώσσα:English
Δημοσίευση: Berlin : Springer-Verlag, c1994.
Σειρά:Encyclopaedia of mathematical sciences ; 5
Θέματα:
Ετικέτες: Προσθήκη ετικέτας
Δεν υπάρχουν, Καταχωρήστε ετικέτα πρώτοι!

MARC

LEADER 00000cam a2200000 i 4500
001 1/38061
008 950112s1994####gw | ||| |||| ||eng||
020 |a 3540181733 
035 |a 1994  |c ΚΩΤΣΑΚΗΣ  |l 10040676 
035 |a 1995 
040 |a GR-MyUA  |b gre  |e AACR2 
041 0 |a eng 
082 0 |a 515.353  
245 1 0 |a Dynamical systems V :   |b bifurcation Theory and Catastrophe Theory /   |c V.I. Arnold (Ed.).  
260 |a Berlin :   |b Springer-Verlag,   |c c1994.  
300 |a 271 σ. ;   |c 24 εκ.  
490 1 |a (Encyclopaedia of mathematical sciences   |v ; 5)  
504 |a Περιέχει βιβλιογραφικές αναφορές και ευρετήριο.  
650 0 0 |a Bifurcation theory. 
650 0 0 |a Differentiable dynamical systems. 
650 0 0 |a Differential equations, Nonlinear  |x Numerical solutions. 
700 1 |a Arnol'd, V. I.   |q (Vladimir Igorevich),   |d 1937-2010,  |e edt 
830 0 |a Encyclopaedia of mathematical sciences ;  |v  5 
852 |a INST  |b SAMOS  |e 19950112  |h 515.352 DYN  |p 005300004380  |q 005300004380  |t BK  |y 0 
852 |a INST  |b SAMOS  |e 19960507  |h 515.352 DYN  |p 005300005238  |q 005300005238  |t BK  |y 0 
909 |a Σ  |b 036563 
909 |a Σ  |b 039317